Rendelés nyújtott műszakban /

Elmentve itt :
Bibliográfiai részletek
Szerző: Chikán Ágnes
Dokumentumtípus: Cikk
Megjelent: 1979-08-26
Sorozat:Délmagyarország 69 No. 199
Kulcsszavak:iskolaegészségügy, gyermekgyógyászat
Online Access:http://dmarchiv.bibl.u-szeged.hu/102901
LEADER 00482nab a2200157 i 4500
001 delm102901
005 20190523085521.0
008 190523s1979 hu o 0|| hun d
040 |a SZTE Délmagyarország Archívum  |b hun 
041 |a hun 
100 1 |a Chikán Ágnes 
245 1 0 |a Rendelés  |h [elektronikus dokumentum] :  |b nyújtott műszakban /  |c  Chikán Ágnes 
260 |c 1979-08-26 
300 |a 11 
490 0 |a Délmagyarország  |v 69 No. 199 
695 |a iskolaegészségügy, gyermekgyógyászat